000 00756 a2200241 4500
005 20260410143038.0
008 260410b |||||||| |||| 00| 0 eng d
020 _a9781839760105 (hbk)
037 _cTB
040 _aAL
_cAL
041 _2eng
_aeng
084 _aV461.P1 R5
_qAL
100 _aRuthven, Malise
_9822130
245 _aUnholy kingdom:
_breligion, corruption and violence in Saudi Arabia
260 _aNew York, USA:
_bVerso,
_c2025.
300 _a368p.
365 _b25.00
_cGBP
650 _aSaudi Arabia-History
_91234676
650 _aSaudi Arabia-Politics and Government
_91234677
650 _aHistory
942 _cTB
_2CC
_hV461.P1 R5
999 _c1435907
_d1435907